Sports Quiz

Random Sports Quiz

All 4 major sport stadiums Quiz Stats

Quiz not verified by Sporcle

Also try: MLS Teams
Challenge
Share
Tweet
Embed
Score 0/122 Timer 11:00
0 Plays Today
Sport Venue % Correct
MLBYankee Stadium
65.5%
MLBCiti Field
57.5%
MLBWrigley Field
54%
MLBMinute Maid Park
52.9%
MLBDodger Stadium
52.9%
MLBTurner Field
51.7%
MLBFenway Park
50.6%
MLBCamden Yards
50.6%
MLBTropicana Field
48.3%
MLBCitizens Bank Park
47.1%
MLBPetco Park
47.1%
MLBAT&T
46%
NHLMadison Square Garden
46%
NBAMadison Square Garden
46%
MLBRogers Centre
44.8%
MLBPNC Park
43.7%
MLBCoors Field
43.7%
NHLStaples Center
43.7%
NBAStaples Center
43.7%
NBAStaples Center
43.7%
MLBGreat American Ballpark
41.4%
MLBTarget Field
41.4%
MLBSafeco Field
41.4%
MLBBusch Stadium
37.9%
MLBComerica Park
36.8%
MLBUS Cellular Field
36.8%
MLBChase Field
35.6%
NFLGiants Stadium
35.6%
NFLGiants Stadium
35.6%
NFLSoldier Field
34.5%
MLBMiller Park
33.3%
NHLUnited Center
33.3%
NBAUnited Center
33.3%
NFLLincoln Financial Field
32.2%
MLBKauffman Stadium
31%
NFLHeinz Field
31%
NFLFord Field
31%
NFLMetroDome
28.7%
MLBProgressive Field
27.6%
NHLVerizon Center
27.6%
NHLWachovia Center
27.6%
Sport Venue % Correct
NHLTD Garden
27.6%
NFLCowboys Stadium
27.6%
NBATD Garden
27.6%
NBAWachovia Center
27.6%
NBAVerizon Center
27.6%
NFLQualcomm Stadium
26.4%
NFLLambeau Field
26.4%
NFLSuperDome
25.3%
NFLFedEx Field
25.3%
NHLJoe Louis Arena
24.1%
NFLQwest Field
24.1%
NBAAmerican Airlines Arena
24.1%
NFLArrowhead Stadium
23%
NFLLucas Oil Stadium
21.8%
MLBDolphins Stadium
20.7%
NFLDolphins Stadium
20.7%
NFLGeorgia Dome
20.7%
NFLPaul Brown Stadium
19.5%
NFLRalph Wilson Stadium
19.5%
NHLPepsi Center
18.4%
NFLUniversity of Phoenix Stadium
18.4%
NBAPepsi Center
18.4%
NBATarget Center
18.4%
NHLBell Centre
17.2%
NFLRaymond James Stadium
17.2%
NHLPhilips Arena
16.1%
NHLPrudential Center
16.1%
NFLM&T Bank Stadium
16.1%
NFLReliant Stadium
16.1%
NFLBank of America Stadium
16.1%
NBAPrudential Center
16.1%
NBAPhilips Arena
16.1%
NBARose Garden
16.1%
MLBOakland Alameda County Coliseum
14.9%
NHLNassau Coliseum
14.9%
NHLMellon Arena
14.9%
NHLHSBC Arena
14.9%
NHL jobing.com arena
14.9%
NHLAmerican Airlines Center
14.9%
NHLHonda Center
14.9%
NFLMile High Stadium
14.9%
Sport Venue % Correct
NBAAir Canada Centre
14.9%
NBAAmerican Airlines Center
14.9%
MLBRangers Ballpark in Arlington
13.8%
NBAAmway Arena
13.8%
NBAConseco Fieldhouse
13.8%
NBAPalace of Auburn Hills
13.8%
NBAOracle Arena
13.8%
MLBNationals Field
12.6%
NHLAir Canada Center
12.6%
NHLXCel Energy Center
12.6%
NFLCleveland Browns Stadium
12.6%
NFLLP Field
12.6%
NBAQuicken Loans Arena
12.6%
NBAARCO Arena
12.6%
NBAUS Airways Center
11.5%
NHLSt. Pete Times Forum
10.3%
NFLEdward Jones Dome
10.3%
NBANew Orleans Arena
10.3%
NHLRBC Center
9.2%
NHLScotiabank Place
9.2%
NHLScottrade Center
9.2%
NBABradley Center
9.2%
NHLBridgestone Arena
8%
NHLRexall Place
8%
NHLPengrowth Saddledome
8%
NBAToyota Center
8%
NBAAT&T Center
8%
NBAFord Center
8%
NHLNationwide Arena
6.9%
NHLGeneral Motors Place
6.9%
NHLHP Pavillion
6.9%
NFLJacksonville Municipal Stadium
6.9%
NBATime Warner Cable Arena
6.9%
NBAEnergySolutions Arena
6.9%
NBAFedEx Forum
6.9%
NHLBankAtlantic Center
4.6%
NFLMcAfee Coliseum
4.6%
MLBLA Angels
3.4%
NFLGillete Field
3.4%
NFLAT&T Park
2.3%

You're not logged in!

Compare scores with friends on all Sporcle quizzes.
Sign Up with Email
OR
Log In

You Might Also Like...

Show Comments

Extras

Top Quizzes Today


Score Distribution

Your Account Isn't Verified!

In order to create a playlist on Sporcle, you need to verify the email address you used during registration. Go to your Sporcle Settings to finish the process.

Report this User

Report this user for behavior that violates our Community Guidelines.

Details: